000 01133cam a22002535a 4500
001 L123437
008 080731s2008 xxkado f 001 0 eng u
020 _a0749440813
035 _a(Sirsi) u123437
041 _aeng
050 _a658.403 $2 18
100 _aReuvid, Jonathan
245 _aManaging business risk
_ba practical guide to protecting your business
250 _a5th ed.
260 _aLondon
_bKogan Page
_c2008
300 _axiv, 227p.
_bill.
_c25cm.
350 _a50
505 2 _aRisk management strategy -- Corporate risk concerns -- Risk issues in operational management -- Intellectual property risks -- The role of IT in providing risk solutions
520 _aThis practical guide to potential areas of risk within a business is aimed at directors of both large and small companies. Covers: value and cost; change and continuity; governance and control; integrity and accountability; legal considerations; financial risks; knowledge and systems; workplace issues and catastrophe and loss.
521 _aAdvanced
651 4 _aInternational
690 _aMANAGEMENT-BUSINESS MANAGEMENT
942 _n0
999 _c103042
_d103042